000
00364nam a2200157Ia 4500
008
151213s9999 xx 000 0 und d
100
_a
R. E. Hall
245
_a
Macro Economics
_c
R. E. Hall
250
_a
4th
260
_a
New York
_b
W.W.Norton
_c
1993
300
_a
2644 p.
650
_a
Economics
650
_a
Economics
700
_a
R. E. Hall
999
_c
1756
_d
1756